Luật giáo dục và quy chế đào tạo sau Đại học

Salvato in:
Dettagli Bibliografici
Autore principale: Võ, Hưng Thanh
Natura: Libro
Lingua:Undetermined
Pubblicazione: Thành phố Hồ Chí Minh Nxb. Thành phố Hồ Chí Minh 2002
Soggetti:
Tags: Aggiungi Tag
Nessun Tag, puoi essere il primo ad aggiungerne! !
Thư viện lưu trữ: Trung tâm Học liệu Trường Đại học Cần Thơ
LEADER 00710nam a2200205Ia 4500
001 CTU_49819
008 210402s9999 xx 000 0 und d
020 |c 22000 
082 |a 344.59707 
082 |b Th107 
100 |a Võ, Hưng Thanh 
245 0 |a Luật giáo dục và quy chế đào tạo sau Đại học 
245 0 |c Võ Hưng Thanh 
260 |a Thành phố Hồ Chí Minh 
260 |b Nxb. Thành phố Hồ Chí Minh 
260 |c 2002 
650 |a Educational law and legislation,Luật văn văn bản pháp luật về giáo dục 
650 |z Vietnam,Việt Nam 
904 |i Huỳnh Mai 
980 |a Trung tâm Học liệu Trường Đại học Cần Thơ